000 00934nam a22002537a 4500
005 20240530110526.0
008 150601s2010 ku a g 000 0 ara d
040 _aEG-CaGPL
082 0 4 _221
_a910.133\
_bم ج
100 0 _aمحمد ازهر سعيد السماك .
245 1 0 _aجغرافية النفط /
_cتاليف محمد ازهر سعيد السماك .
250 _aط1.
260 _aالكويت :
_bمكتبة الفلاح للنشر و التوزيع ،
_c2010 .
300 _a349 ص :
_bايض ؛
_c24 سم .
650 0 4 _aالبترول .
650 0 4 _aالبترول
_xالتنقيب عن .
650 0 4 _aالبترول
_xتكرير .
650 0 4 _aالبترول
_xصناعات .
650 0 4 _aجغرافية البترول .
650 0 4 _aالجغرافيا ، علم .
650 0 4 _aالجيولوجيا الاقتصادية .
942 _2ddc
_cBK
999 _c61991
_d61991